Every Song by Creedence Clearwater Revival - Statistics

General Stats
  • This quiz has been taken 29 times
  • The average score is 8 of 67
Answer Stats
Album Song % Correct
Willy and the Poor Boys(1969) Fortunate Son
81%
Pendulum(1970) Have You Ever Seen the Rain
81%
Bayou Country(1969) Proud Mary
67%
Green River(1969) Bad Moon Rising
52%
Bayou Country(1969) Born on the Bayou
52%
Willy and the Poor Boys(1969) Down on the Corner
52%
Green River(1969) Green River
48%
Cosmo's Factory(1970) Who'll Stop the Rain
38%
Cosmo's Factory(1970) Lookin' out My Back Door
29%
Green River(1969) Lodi
24%
Cosmo's Factory(1970) Up Around the Bend
19%
Willy and the Poor Boys(1969) It Came Out of the Sky
14%
Cosmo's Factory(1970) Ramble Tamble
14%
Pendulum(1970) Sailor's Lament
14%
Mardi Gras(1972) Sweet Hitch-Hiker
14%
Cosmo's Factory(1970) Travelin' Band
14%
Green River(1969) Wrote a Song for Everyone
14%
Pendulum(Bonus)(1970) 45 Revolutions Per Minute (Part 1)
10%
Pendulum(Bonus)(1970) 45 Revolutions Per Minute (Part 2)
10%
Bayou Country(1969) Bootleg
10%
Green River(1969) Commotion
10%
Green River(1969) Cross-Tie Walker
10%
Willy and the Poor Boys(1969) Effigy
10%
Cosmo's Factory(1970) Long as I Can See the Light
10%
Pendulum(1970) Molina
10%
Pendulum(1970) Pagan Baby
10%
Willy and the Poor Boys(1969) Poorboy Shuffle
10%
Creedence Clearwater Revival(1968) Porterville
10%
Green River(1969) Sinister Purpose
10%
Mardi Gras(1972) Someday Never Comes
10%
Green River(1969) Tombstone Shadow
10%
Creedence Clearwater Revival(1968) Walk on the Water
10%
Pendulum(1970) Chameleon
5%
Willy and the Poor Boys(1969) Feelin' Blue
5%
Bayou Country(1969) Graveyard Train
5%
Pendulum(1970) It's Just a Thought
5%
Pre-Creedence(1975) Little Girl (Does Your Mama Know)
5%
Mardi Gras(1972) Lookin' for a Reason
5%
Mardi Gras(1972) Need Someone to Hold
5%
Pendulum(1970) Rude Awakening #2
5%
Mardi Gras(1972) Sail Away
5%
Willy and the Poor Boys(1969) Side o' the Road
5%
Pendulum(1970) Born to Move
0%
Green River(Bonus)(1969) Broken Spoke Shuffle
0%
Creedence Clearwater Revival(1968) Call It Pretending
0%
Creedence Clearwater Revival(1968) The Working Man
0%
Willy and the Poor Boys(1969) Don't Look Now (It Ain't You or Me)
0%
Pre-Creedence(1975) Don't Tell Me No Lies
0%
Mardi Gras(1972) Door to Door
0%
Pre-Creedence(1975) Fight Fire
0%
Pre-Creedence(1975) Fragile Child
0%
Creedence Clearwater Revival(1968) Get Down Woman
0%
Creedence Clearwater Revival(1968) Gloomy
0%
Green River(Bonus)(1969) Glory Be
0%
Pendulum(1970) Hey Tonight
0%
Bayou Country(1969) Keep On Chooglin
0%
Bayou Country(1969) Penthouse Pauper
0%
Mardi Gras(1972) Take It Like a Friend
0%
Mardi Gras(1972) Tearin' Up the Country
0%
Mardi Gras(1972) What Are You Gonna Do
0%
Pre-Creedence(1975) Where You Been
0%
Pendulum(1970) (Wish I Could) Hideaway
0%
Pre-Creedence(1975) You Better Be Careful
0%
Pre-Creedence(1975) You Better Get It Before It Gets You
0%
Pre-Creedence(1975) You Came Walking
0%
Pre-Creedence(1975) You Can't Be True
0%
Pre-Creedence(1975) You Got Nothin' on Me
0%
No matching quizzes found
Score Distribution
Percent of People with Each Score
Percentile by Number Answered
Your Score History
You have not taken this quiz